000 00507nam a2200205Ia 4500
005 20250923144847.0
008 008 250917s9999 xx 000 0 eng d
037 _aTextual
040 _aDSWL
_beng
_cDSWL
041 _aeng
_2eng
084 _qDSWL
100 _aMannoni, O.
_9829148
245 0 _aProspero and caliban
_cby O. Mannoni
260 _aLondon
_bMethuen
_c1956
300 _a218p.
365 _aINR
_b25
925 _g25
942 _cTEXL
999 _c1444266
_d1444266